000 01638nam2a2200253 4500
001 RU\NLR\BIBL_A\022712710
005 20260206130458.0
010 _a978-5-00259-088-9
_bч. 2
_9300
021 _aRU
_bКН-П-25-076004
_9КН-П-25-7365
035 _a(NLR Aleph) 022712710
090 _a13542428
_c13542428
100 _a20260130d2025 u y0rusy50 ca
101 0 _arus
102 _aRU
105 _aa j 000yy
200 0 _aЧ. 1
_eдля студентов III-IV курсов по дисциплинам "Ортопедическая стоматология. Факультетский курс", "Ортодонтическое лечение при травматической окклюзии и повышенной стираемости зубов"
210 _d2025
215 _a75, [1] с.
_cтабл.
320 _aБиблиогр. в конце кн. (14 назв.)
461 0 _1001RU\NLR\BIBL_A\022712708
_12001#$aСборник клинических задач$vЧ. 1
_913547989
_cСанкт-Петербург
_d2025
_eизд. 2-е, перераб. и доп.
_fзаслуженный деятель науки России, профессор В. Н. Трезубов, профессор Л. Я. Кусевицкий, профессор Е. А. Булычева [и др.]
_nРИЦ ПСПбГМУ
_oдля студентов стоматологического факультета по специальности 31.05.03 - Стоматология
_tСборник клинических задач
_y978-5-00259-087-2
_vЧ. 1
942 _cBOOK
980 _aNB